[Event "Botvinnik 100th Open"]
[Site "St Petersburg RUS"]
[Date "2011.08.18"]
[Round "7"]
[White "Zimin, Alexey"]
[Black "Ovod, Evgenija"]
[Result "0-1"]
[BlackTitle "IM"]
[WhiteElo "2235"]
[BlackElo "2420"]
[WhiteFideId "4168925"]
[BlackFideId "4131827"]
[EventDate "2011.08.12"]

1. e4 e5 2. f4 exf4 3. Nf3 d5 4. exd5 Nf6 5. Bb5+ c6 6. dxc6 Nxc6 7. d4 Bd6 8.
Qe2+ Be6 9. Ng5 O-O 10. Nxe6 fxe6 11. Qxe6+ Kh8 12. Bxc6 bxc6 13. O-O Qc7 14.
Nd2 Rae8 15. Qh3 c5 16. Nc4 g5 17. d5 Be5 18. d6 Bd4+ 19. Be3 Rxe3 20. dxc7
Rxh3+ 21. Kh1 Rh6 22. Nd6 Ng4 23. Nf7+ Kg7 24. Nxh6 Kxh6 25. g3 Be5 26. gxf4
gxf4 27. Rf3 Kg5 28. Rd1 Bxc7 29. Rd5+ Rf5 30. Rxf5+ Kxf5 31. Rc3 Bb6 32. a4
Nf2+ 33. Kg2 Ne4 34. Rh3 c4 35. a5 Be3 36. b4 cxb3 37. cxb3 Kg4 38. Rxh7 f3+ 39.
Kh1 f2 40. Rf7 Nd2 41. Kg2 f1=Q+ 42. Rxf1 Nxf1 43. Kxf1 Bd2 44. a6 Kh3 45. b4
Bxb4 46. Kg1 Bc5+ 47. Kh1 Bd6 0-1

[Event "Botvinnik 100th Open"]
[Site "St Petersburg RUS"]
[Date "2011.08.18"]
[Round "7"]
[White "Yaksin, Oleg"]
[Black "Barhudarian, Rafael"]
[Result "1-0"]
[BlackTitle "FM"]
[WhiteElo "2414"]
[BlackElo "2325"]
[WhiteFideId "24105880"]
[BlackFideId "4182685"]
[EventDate "2011.08.12"]

1. d4 Nf6 2. Nf3 d6 3. c4 Nbd7 4. Nc3 e5 5. g3 g6 6. Bg2 Bg7 7. O-O O-O 8. e4
exd4 9. Nxd4 Nc5 10. h3 a5 11. b3 Re8 12. Re1 Nfd7 13. Be3 c6 14. Qc2 Qc7 15.
Rad1 Ne5 16. f4 Ned7 17. Bf2 Ne6 18. Rd2 Nf6 19. Red1 Nc5 20. Nde2 Bf8 21. Bxc5
dxc5 22. e5 Bf5 23. Qc1 Nd7 24. g4 Be6 25. Ne4 Kh8 26. Nd6 Bxd6 27. Rxd6 f5 28.
gxf5 gxf5 29. Qd2 Nf8 30. Ng3 Qf7 31. Qe2 Ng6 32. Nh5 Rg8 33. Qf2 a4 34. Nf6
Rgf8 35. Rd7 Bxd7 36. Rxd7 Qxd7 37. Nxd7 axb3 38. axb3 Rg8 39. Nf6 Rg7 40. Nh5
Rd7 41. e6 Rd4 42. b4 b6 43. bxc5 bxc5 44. Bxc6 Rg8 45. Kh2 Ne7 46. Bg2 Ng6 47.
Qe2 Re8 48. Bc6 Re7 49. Bd7 h6 50. Qb2 Kh7 51. Nf6+ Kh8 52. Qb8+ Kg7 53. Nd5
Rd2+ 54. Kg3 1-0

[Event "Botvinnik 100th Open"]
[Site "St Petersburg RUS"]
[Date "2011.08.18"]
[Round "7"]
[White "Musalov, Ruslan"]
[Black "Ivkina, Olga"]
[Result "0-1"]
[BlackTitle "WIM"]
[WhiteElo "2399"]
[BlackElo "2294"]
[WhiteFideId "4141490"]
[BlackFideId "4156820"]
[EventDate "2011.08.12"]

1. c4 Nf6 2. Nc3 g6 3. g3 Bg7 4. Bg2 O-O 5. e4 e5 6. Nge2 d6 7. O-O Be6 8. d3
Qd7 9. f4 Bh3 10. f5 Bxg2 11. Kxg2 c6 12. Bg5 h6 13. Be3 d5 14. cxd5 cxd5 15.
fxg6 d4 16. Rxf6 Bxf6 17. Nd5 Bg7 18. Bxh6 fxg6 19. Bxg7 Kxg7 20. Ng1 Nc6 21.
Nf3 Rac8 22. Qd2 Rxf3 23. Kxf3 Qh3 24. Ke2 Rf8 25. Rc1 Qxh2+ 26. Kd1 Rf1+ 27.
Kc2 Rf2 0-1

[Event "Botvinnik 100th Open"]
[Site "St Petersburg RUS"]
[Date "2011.08.18"]
[Round "7"]
[White "Vunder, Andrey"]
[Black "Mokshanov, Alexey"]
[Result "1/2-1/2"]
[BlackTitle "FM"]
[WhiteElo "2308"]
[BlackElo "2372"]
[WhiteFideId "4128338"]
[BlackFideId "24121657"]
[EventDate "2011.08.12"]

1. d4 e6 2. Nf3 Nf6 3. Bf4 c5 4. e3 b6 5. c3 Bb7 6. Nbd2 Be7 7. h3 O-O 8. Bd3
Ba6 9. Bxa6 Nxa6 10. O-O d5 11. a4 Nb8 12. a5 Nc6 13. Qa4 Qc8 14. axb6 axb6 15.
Qb5 Qb7 16. dxc5 Bxc5 17. Nb3 Be7 18. Nbd4 Nxd4 19. exd4 Nd7 20. Rfc1 Rxa1 21.
Rxa1 Rc8 22. Qa6 Qc6 23. Qa4 Qb7 24. Qa6 Qc6 25. Qa4 Qb7 26. Qa6 Qc6 27. Qa4 Qb7 1/2-1/2

[Event "Botvinnik 100th Open"]
[Site "St Petersburg RUS"]
[Date "2011.08.18"]
[Round "7"]
[White "Vunder, Yakov"]
[Black "Vlasenko, Miroslav"]
[Result "0-1"]
[BlackTitle "IM"]
[WhiteElo "2212"]
[BlackElo "2371"]
[WhiteFideId "4161955"]
[BlackFideId "4151887"]
[EventDate "2011.08.12"]

1. c4 Nc6 2. g3 e5 3. Bg2 f5 4. Nc3 Nf6 5. e3 d5 6. cxd5 Nb4 7. a3 Nd3+ 8. Ke2
e4 9. f3 c6 10. Nh3 cxd5 11. Nf2 Bc5 12. Nxd3 exd3+ 13. Kf2 d4 14. Na4 Be7 15.
b4 Be6 16. Bf1 Qd5 17. Bxd3 Rd8 18. Nb2 O-O 19. Bc4 dxe3+ 20. Kg2 Qd7 21. dxe3
Bxc4 22. Qxd7 Rxd7 23. Nxc4 Rc8 24. Nd2 Rc2 25. Rd1 Nd5 26. Kh1 Bf6 27. Nb3 Bxa1
28. Nxa1 Nxe3 29. Rg1 Rc3 30. f4 Ng4 31. Rf1 Rd1 0-1

[Event "Botvinnik 100th Open"]
[Site "St Petersburg RUS"]
[Date "2011.08.18"]
[Round "7"]
[White "Palachev, Petr"]
[Black "Kashtanov, Ruslan"]
[Result "1/2-1/2"]
[BlackTitle "IM"]
[WhiteElo "2207"]
[BlackElo "2360"]
[WhiteFideId "24129003"]
[BlackFideId "4124871"]
[EventDate "2011.08.12"]

1. d4 d6 2. Nf3 g6 3. Bf4 Bg7 4. e3 Nd7 5. h3 a6 6. c4 e5 7. Bh2 Ne7 8. Nc3 O-O
9. Be2 b6 10. O-O Bb7 11. Qc2 exd4 12. Nxd4 Nc6 13. Nxc6 Bxc6 14. Rad1 Re8 15.
Nd5 Qc8 16. Rc1 Qb7 17. Rfd1 Ne5 18. f4 Nd7 19. Bf3 a5 20. b3 Rac8 21. Bg3 Nc5
22. Bh4 Bxd5 23. Rxd5 Qb8 24. Re1 b5 25. Rxc5 dxc5 26. Bc6 b4 27. Bxe8 Rxe8 28.
Bf2 Rd8 29. Rd1 Qc8 30. Rd3 Rd6 31. Rxd6 cxd6 32. Qd3 Qc6 33. e4 Bf8 34. Qd5 Qa6
35. e5 dxe5 36. Qxe5 Qd6 37. Qxd6 Bxd6 38. Be3 f5 39. Kf2 Kf7 40. Kf3 Ke6 1/2-1/2

[Event "Botvinnik 100th Open"]
[Site "St Petersburg RUS"]
[Date "2011.08.18"]
[Round "7"]
[White "Alexikov, Alexander"]
[Black "Lupik, Marina"]
[Result "1-0"]
[WhiteTitle "IM"]
[BlackTitle "WIM"]
[WhiteElo "2353"]
[BlackElo "2212"]
[WhiteFideId "14103958"]
[BlackFideId "4177495"]
[EventDate "2011.08.12"]

1. e4 c5 2. Nf3 d6 3. d4 cxd4 4. Nxd4 Nf6 5. Nc3 a6 6. Bg5 e6 7. f4 h6 8. Bh4
Qb6 9. a3 Nc6 10. Bf2 Qc7 11. Bd3 Be7 12. Qe2 d5 13. e5 Nd7 14. h4 Nc5 15. Qd2
Nxd3+ 16. cxd3 h5 17. Rc1 Bd7 18. Na4 Qd8 19. Nb3 Nd4 20. Nbc5 Bxa4 21. Bxd4 Bc6
22. g3 Bxc5 23. Rxc5 Rc8 24. Qb4 f5 25. Kf2 Bb5 26. a4 Rxc5 27. Bxc5 Bc6 28. Rc1
Kf7 29. b3 Qd7 30. Ke3 Rc8 31. Kd4 b5 32. a5 Bb7 33. Rc3 Ke8 34. Bd6 Bc6 35. Qc5
Qb7 36. b4 Bd7 37. Bc7 Kf7 38. Qb6 Qa8 39. Rc5 Be8 40. Qd6 Qb7 41. Bd8 Bc6 42.
Bb6 Qa8 43. Bc7 Be8 44. Qb6 Bd7 45. Rc1 Ke8 46. Qd6 Qb7 47. Rc5 g6 48. Rc2 Qa8
49. Rc3 Qb7 50. Rc5 Qa8 51. Bb6 Rc6 52. Rxc6 Qxc6 53. Bc5 Kd8 54. Qf8+ Be8 55.
Qe7+ Kc8 56. Bd6 Qd7 57. Qf8 Kb7 58. Bc5 Qc6 59. Bb6 Bd7 60. Qd8 Bc8 61. Qf8 Bd7
62. Qd8 Bc8 63. Bc5 Bd7 64. Bd6 Bc8 65. Qe7+ Bd7 66. Qf7 Qc8 67. Qf8 Qe8 68. Qg7
Kc6 69. Bc5 Kb7 70. Bb6 Kc6 71. Qf6 Kb7 72. Kc5 Qb8 73. Qd8 Bc8 74. Qd6 Qxd6+
75. Kxd6 Kb8 76. d4 Kb7 77. Bd8 Kb8 78. Kc6 Bb7+ 79. Kb6 Bc8 80. Bc7+ Ka8 81.
Bd6 Bd7 82. Kxa6 1-0

[Event "Botvinnik 100th Open"]
[Site "St Petersburg RUS"]
[Date "2011.08.18"]
[Round "7"]
[White "Eryshkanova, Anastasiya"]
[Black "Payen, Arnaud"]
[Result "0-1"]
[WhiteTitle "WFM"]
[BlackTitle "IM"]
[WhiteElo "2122"]
[BlackElo "2339"]
[WhiteFideId "24119059"]
[BlackFideId "600814"]
[EventDate "2011.08.12"]

1. e4 c5 2. g3 d5 3. exd5 Qxd5 4. Nf3 Bg4 5. Bg2 Qe6+ 6. Kf1 Bh3 7. Nc3 Nc6 8.
Ng5 Bxg2+ 9. Kxg2 Qd7 10. d3 g6 11. Be3 b6 12. Qf3 Nh6 13. d4 f6 14. dxc5 fxg5
15. Rad1 Qb7 16. Bd4 Rg8 17. cxb6 Nf5 18. Nd5 axb6 19. Bxb6 g4 20. Qe4 Kf7 21.
h3 Nb4 22. Rhe1 gxh3+ 23. Kxh3 Nxd5 24. Qe6+ Kg7 25. Rxd5 Kh8 26. g4 Ra6 27. Rb5
Qf3+ 28. Kh2 Qxg4 29. Re4 Qh5+ 30. Kg1 Qg5+ 31. Kh2 Bg7 32. a4 Qh6+ 33. Kg2 Qg5+
34. Kh2 Qh5+ 35. Kg2 Rf8 36. Qc4 Raa8 37. a5 Rac8 38. Rc5 Nh4+ 39. Rxh4 Qf3+ 40.
Kg1 Qxf2+ 41. Kh1 Qe1+ 42. Kh2 Rf2+ 0-1

[Event "Botvinnik 100th Open"]
[Site "St Petersburg RUS"]
[Date "2011.08.18"]
[Round "7"]
[White "Ulanov, Alexandr"]
[Black "Bulavin, Alexander"]
[Result "0-1"]
[WhiteTitle "IM"]
[WhiteElo "2371"]
[BlackElo "2196"]
[WhiteFideId "24107646"]
[BlackFideId "4178033"]
[EventDate "2011.08.12"]

1. d4 Nf6 2. Nf3 e6 3. c4 Bb4+ 4. Bd2 Qe7 5. g3 O-O 6. Bg2 a5 7. O-O Bxd2 8.
Nbxd2 d6 9. e4 e5 10. d5 c5 11. Ne1 Na6 12. h3 Bd7 13. a4 g6 14. Ra3 Nh5 15. Re3
Qg5 16. Kh2 Kh8 17. b3 Rg8 18. Nd3 Nb4 19. f4 Qh6 20. Nxb4 axb4 21. Ref3 exf4
22. gxf4 g5 23. Qa1+ Rg7 24. fxg5 Qxg5 25. R1f2 f6 26. Nf1 Re8 27. Qe1 f5 28.
Qd2 f4 29. Qe1 Reg8 30. Qd2 Ng3 31. Qe1 Nxe4 0-1

[Event "Botvinnik 100th Open"]
[Site "St Petersburg RUS"]
[Date "2011.08.18"]
[Round "7"]
[White "Lanin, Alexsej"]
[Black "Nikitinyh, Boris"]
[Result "1-0"]
[WhiteTitle "IM"]
[WhiteElo "2423"]
[BlackElo "2234"]
[WhiteFideId "4154959"]
[BlackFideId "4198328"]
[EventDate "2011.08.12"]

1. e4 c6 2. d4 d5 3. e5 Bf5 4. Nf3 e6 5. Be2 Nd7 6. O-O h6 7. b3 Ne7 8. c4 Ng6
9. g3 Bh3 10. Re1 Be7 11. Bd3 Bb4 12. Bd2 Bxd2 13. Nbxd2 O-O 14. Nf1 Qe7 15. Ne3
f5 16. Nd2 Qg5 17. Kh1 f4 18. Nf3 Qe7 19. Bxg6 fxe3 20. Rxe3 Bg4 21. Qd3 dxc4
22. bxc4 c5 23. Nh4 Rxf2 24. Bh7+ 1-0

[Event "Botvinnik 100th Open"]
[Site "St Petersburg RUS"]
[Date "2011.08.18"]
[Round "7"]
[White "Bivol, Alina"]
[Black "Dzhumagaliev, Yan"]
[Result "1/2-1/2"]
[WhiteTitle "WFM"]
[BlackTitle "FM"]
[WhiteElo "2171"]
[BlackElo "2375"]
[WhiteFideId "4100123"]
[BlackFideId "24100110"]
[EventDate "2011.08.12"]

1. d4 h5 2. e4 c6 3. c4 h4 4. Nc3 d6 5. Be3 e5 6. Nf3 Nd7 7. Qd2 Be7 8. O-O-O
Ngf6 9. h3 a6 10. d5 c5 11. Be2 Nf8 12. Bg5 Nh5 13. Bxe7 Qxe7 14. Na4 Qd8 15.
Qg5 f6 16. Qe3 Nf4 17. Bf1 Bd7 18. Qb3 b5 19. cxb5 axb5 20. Nc3 b4 21. Nb5 Qb6
22. a4 bxa3 23. bxa3 Ke7 24. a4 Qa5 25. Nd2 Qxa4 26. Qxa4 Rxa4 27. Nc3 Rb4 28.
Kc2 N8g6 29. Ra1 Rhb8 30. g3 Rb2+ 31. Kc1 hxg3 32. fxg3 Nh5 33. Rg1 Nf8 34. Be2
g6 35. Ra7 R8b7 36. Rxb7 Rxb7 37. Bxh5 gxh5 38. g4 hxg4 39. hxg4 Ng6 40. Rh1 Nf8
41. Rh4 Rb4 42. Nf3 Kf7 43. g5 fxg5 44. Nxg5+ Kg7 45. Rh2 Rb8 46. Ra2 Kf6 47.
Nf3 Ng6 48. Nd2 Rb4 49. Ra7 Ke7 50. Kc2 1/2-1/2

[Event "Botvinnik 100th Open"]
[Site "St Petersburg RUS"]
[Date "2011.08.18"]
[Round "7"]
[White "Martynenko, Andrei"]
[Black "Kharmunova, Nadejda"]
[Result "1-0"]
[WhiteTitle "FM"]
[BlackTitle "WFM"]
[WhiteElo "2357"]
[BlackElo "2181"]
[WhiteFideId "4167996"]
[BlackFideId "4195876"]
[EventDate "2011.08.12"]

1. e4 c5 2. c3 Nf6 3. e5 Nd5 4. d4 e6 5. Nf3 cxd4 6. cxd4 b6 7. Nc3 Nxc3 8. bxc3
Qc7 9. Bd2 Bb7 10. Bd3 d6 11. O-O Nd7 12. Ng5 dxe5 13. Qh5 Nf6 14. Bb5+ Kd8 15.
Qxf7 Qxf7 16. Nxf7+ Ke7 17. Nxh8 Ne4 18. Be3 Nxc3 19. Bg5+ 1-0

[Event "Botvinnik 100th Open"]
[Site "St Petersburg RUS"]
[Date "2011.08.18"]
[Round "7"]
[White "Ivanov, Timur"]
[Black "Kobzar, Alexandr"]
[Result "1-0"]
[WhiteTitle "IM"]
[WhiteElo "2325"]
[BlackElo "2184"]
[WhiteFideId "4115350"]
[BlackFideId "14113660"]
[EventDate "2011.08.12"]

1. Nf3 Nf6 2. g3 g6 3. Bg2 Bg7 4. d4 O-O 5. O-O d6 6. a4 Nbd7 7. a5 c6 8. Nc3 d5
9. Re1 Ne4 10. Nxe4 dxe4 11. Ng5 Nf6 12. Nxe4 Nxe4 13. Bxe4 Bxd4 14. c3 Bc5 15.
Qxd8 Rxd8 16. b4 Bd6 17. a6 Be5 18. Ra3 Rb8 19. Be3 b6 20. Bxc6 Bd7 21. Bxd7
Rxd7 22. c4 Rc8 23. Rd3 Rdc7 24. c5 b5 25. Bf4 Bxf4 26. gxf4 Kf8 27. Ra1 Ke8 28.
Ra5 Rb8 29. Kg2 Rd7 30. Kf3 Rxd3+ 31. exd3 Kd7 32. Ke4 Kc6 33. d4 Rd8 34. Ra3
Rd5 35. Rh3 h5 36. Rg3 Rf5 37. Rg5 Rf6 38. f5 Kd7 39. d5 Rxa6 40. c6+ Kc7 41.
fxg6 fxg6 42. Re5 Kd8 43. Kd4 Ra2 44. Kc5 Rxf2 45. Kxb5 Rxh2 46. Ka6 Rh4 47. b5
Rb4 48. Re6 g5 49. Re5 h4 50. d6 exd6 51. Rxg5 Kc7 52. Rg7+ Kd8 53. Rxa7 Ra4+
54. Kb6 Rxa7 55. Kxa7 h3 56. b6 h2 57. b7 h1=Q 58. b8=Q+ Ke7 59. Qb7+ Ke6 1-0

[Event "Botvinnik 100th Open"]
[Site "St Petersburg RUS"]
[Date "2011.08.18"]
[Round "7"]
[White "Pasiev, Rakhim"]
[Black "Stetsko, Lanita"]
[Result "1/2-1/2"]
[WhiteTitle "FM"]
[BlackTitle "FM"]
[WhiteElo "2313"]
[BlackElo "2135"]
[WhiteFideId "24122475"]
[BlackFideId "13505300"]
[EventDate "2011.08.12"]

1. e4 e5 2. Nf3 Nc6 3. Bb5 a6 4. Ba4 Nf6 5. O-O Be7 6. Re1 d6 7. c3 Bg4 8. d3
Nd7 9. Nbd2 Nc5 10. Bc2 Ne6 11. Nf1 Ng5 12. Bxg5 Bxg5 13. h3 Bxf3 14. Qxf3 Qf6
15. Qe2 O-O 16. g3 g6 17. h4 Bh6 18. Nh2 Qe7 19. Ng4 Bg7 20. Ne3 Qd7 21. h5 Nd8
22. hxg6 fxg6 23. Bb3+ Kh8 24. Kg2 Nf7 25. f4 exf4 26. gxf4 Nh6 27. Rf1 Rae8 28.
Rf2 c6 29. Qf3 Qe7 30. Ng4 Qh4 31. Nxh6 Bxh6 32. Rh1 Qxf4 33. Qxf4 Bxf4 34. Rhf1
g5 35. Kf3 Kg7 36. Kg4 Kg6 37. Rh1 Be5 38. Rf5 h6 39. d4 Bf4 40. Bc2 Kg7 41.
Rxf8 Rxf8 1/2-1/2

[Event "Botvinnik 100th Open"]
[Site "St Petersburg RUS"]
[Date "2011.08.18"]
[Round "7"]
[White "Bazeev, German"]
[Black "Aseev, Vladimir"]
[Result "1-0"]
[WhiteElo "2312"]
[BlackElo "2116"]
[WhiteFideId "24119350"]
[BlackFideId "24121371"]
[EventDate "2011.08.12"]

1. d4 Nf6 2. Nf3 g6 3. c4 Bg7 4. Nc3 O-O 5. e4 d6 6. Be2 e5 7. O-O Nc6 8. d5 Ne7
9. b4 Nh5 10. Re1 f5 11. Ng5 Nf6 12. Bf3 a5 13. Ba3 h6 14. Nh3 g5 15. exf5 Bxf5
16. g4 Bd7 17. Ne4 Qc8 18. Nxf6+ Rxf6 19. Re4 Ba4 20. Qe2 Ng6 21. Bg2 Bd7 22. b5
b6 23. f3 Nh4 24. Rf1 Rg6 25. Nf2 Rf6 26. Bc1 Qf8 27. Re3 Qe7 28. Ne4 Rf7 29.
Qc2 Raf8 30. h3 Ng6 31. Nc5 Nf4 32. Nxd7 Qxd7 33. Re4 Qe8 34. Rf2 Rf6 35. Bf1
Qf7 36. Re3 h5 37. Qe4 Rh6 38. Rc3 hxg4 39. hxg4 Qf6 40. Rcc2 Rf7 41. Rh2 Ng6
42. Rxh6 Bxh6 43. Rh2 Nh4 44. Be2 Kg7 45. Rxh4 gxh4 46. g5 Bxg5 47. Qg4 e4 48.
Bxg5 Qa1+ 49. Kf2 Qh1 50. Be3+ Kh7 51. Qxe4+ Kg8 52. Qg6+ 1-0

[Event "Botvinnik 100th Open"]
[Site "St Petersburg RUS"]
[Date "2011.08.18"]
[Round "7"]
[White "Tantsiura, Marja"]
[Black "Kuznetsov, Nikolay P."]
[Result "0-1"]
[BlackTitle "FM"]
[WhiteElo "2138"]
[BlackElo "2299"]
[WhiteFideId "14124327"]
[BlackFideId "4175379"]
[EventDate "2011.08.12"]

1. e4 c5 2. Nf3 d6 3. d4 cxd4 4. Nxd4 Nf6 5. Nc3 a6 6. Bg5 Nbd7 7. Bc4 h6 8. Bh4
e6 9. Qe2 b5 10. Bxe6 fxe6 11. Nxe6 Qa5 12. O-O Kf7 13. a4 b4 14. Nd5 Kxe6 15.
Nf4+ Kf7 16. Qc4+ d5 17. Qc6 Qb6 18. Qxa8 Bb7 19. a5 Qc7 0-1

[Event "Botvinnik 100th Open"]
[Site "St Petersburg RUS"]
[Date "2011.08.18"]
[Round "7"]
[White "Turikov, Viktor"]
[Black "Ljubarov, Mark"]
[Result "0-1"]
[WhiteTitle "FM"]
[WhiteElo "2291"]
[BlackElo "2115"]
[WhiteFideId "4107810"]
[BlackFideId "4142110"]
[EventDate "2011.08.12"]

1. d4 Nf6 2. Nf3 g6 3. Nbd2 Bg7 4. e4 O-O 5. c3 d6 6. Bc4 c6 7. O-O b5 8. Bb3
Nbd7 9. Re1 e5 10. Nf1 c5 11. Ng3 Qc7 12. h3 a5 13. a3 Bb7 14. d5 c4 15. Bc2 Nc5
16. Be3 Kh8 17. Qd2 Bc8 18. Nh2 h5 19. Bh6 Qe7 20. Qg5 Ng8 21. Bxg7+ Kxg7 22.
Nxh5+ Kh7 23. Qxe7 Nxe7 24. Ng3 f5 25. Nf3 Kh6 26. Rad1 f4 27. Nf1 g5 28. N1h2
Rg8 29. Ng4+ Bxg4 30. hxg4 Rh8 31. g3 fxg3 32. fxg3 Ng8 33. Rf1 Kg6 34. Rd2 Nf6
35. Nd4 exd4 36. e5+ d3 37. Rxf6+ Kg7 38. Rxd6 Ne4 39. Rd7+ Kg8 40. Rg2 dxc2 41.
Rxc2 Rh3 42. Re2 Rxg3+ 43. Kh2 Rxg4 44. d6 Re8 45. Re3 Rxe5 46. Rd8+ Kg7 47. Rf3
Rd5 48. d7 Rd2+ 49. Kh1 Rf4 0-1

[Event "Botvinnik 100th Open"]
[Site "St Petersburg RUS"]
[Date "2011.08.18"]
[Round "7"]
[White "Tarasova, Viktoriya"]
[Black "Pshenichny, Vladimir"]
[Result "1-0"]
[WhiteTitle "WIM"]
[WhiteElo "2290"]
[BlackElo "2025"]
[WhiteFideId "4175840"]
[BlackFideId "4199138"]
[EventDate "2011.08.12"]

1. d4 Nf6 2. c4 c5 3. d5 b5 4. cxb5 d6 5. Nc3 g6 6. e4 a6 7. bxa6 Bg7 8. Bb5+
Bd7 9. Qe2 O-O 10. a4 Qa5 11. Bd2 Nxa6 12. Nf3 Nc7 13. Bc4 Ng4 14. O-O Qb6 15.
b3 Bc8 16. Ra2 Ba6 17. a5 Qb7 18. Rb1 Ra7 19. Ra4 Rb8 20. h3 Ne5 21. Nxe5 Bxe5
22. Ra2 Nb5 23. Nxb5 Bxb5 24. Bxb5 Qxb5 25. Qxb5 Rxb5 26. Ra4 e6 27. Kf1 Bf6 28.
Ke2 Bd8 29. Kd3 Rb8 30. Kc4 Kf8 31. b4 cxb4 32. Bxb4 Kg8 33. Rd1 Rc7+ 34. Kd3
exd5 35. Bxd6 Rb3+ 36. Ke2 Rc4 37. Rxc4 dxc4 38. Ra1 Rb2+ 39. Ke3 Rb5 40. a6
Bb6+ 41. Kd2 Rb3 42. Bb8 Bxf2 43. a7 Bxa7 44. Bxa7 f6 45. Kc2 Rg3 46. Rg1 Kf7
47. Bf2 Ra3 48. Bd4 Rd3 49. Rd1 Rg3 50. Rd2 Ke6 51. Rf2 f5 52. e5 g5 53. Rd2 f4
54. Rf2 h5 55. Bc3 Kf5 56. Re2 Ke6 57. Be1 Rd3 58. Bd2 f3 59. gxf3 Rxf3 60. Bxg5
Rxh3 61. Bf4 Rf3 62. Bg5 Rh3 63. Bf6 Ra3 64. Kb2 Rb3+ 65. Kc2 Ra3 66. Re1 Rh3
67. Re4 c3 68. Kb3 Rh1 69. Kxc3 1-0

[Event "Botvinnik 100th Open"]
[Site "St Petersburg RUS"]
[Date "2011.08.18"]
[Round "7"]
[White "Nuretdinov, Igor"]
[Black "Kuzmin, Egor"]
[Result "0-1"]
[WhiteElo "2276"]
[BlackElo "2033"]
[WhiteFideId "14700085"]
[BlackFideId "24101737"]
[EventDate "2011.08.12"]

1. d4 d5 2. c4 c6 3. Nf3 Nf6 4. e3 e6 5. Nbd2 Nbd7 6. b3 Bd6 7. Bb2 O-O 8. Bd3
Re8 9. Ne5 dxc4 10. bxc4 Qc7 11. Nxd7 Nxd7 12. Qc2 h6 13. c5 Bf8 14. f4 b6 15.
cxb6 axb6 16. O-O c5 17. e4 Ba6 18. Bxa6 Rxa6 19. f5 e5 20. d5 b5 21. g4 c4 22.
Kg2 Rc8 23. Nf3 c3 24. Bc1 b4 25. g5 hxg5 26. Bxg5 f6 27. Be3 Bc5 28. Bxc5 Nxc5
29. Qe2 Rca8 30. Qc4 Qd6 31. Qxb4 Rxa2+ 32. Rxa2 Rxa2+ 33. Kh1 Qa6 34. Rg1 Qe2
35. Rg3 Ra1+ 36. Ng1 Qxe4+ 37. Qxe4 Nxe4 38. Rg2 Rd1 39. Re2 Nd2 40. d6 Nf3 41.
Kg2 c2 0-1

[Event "Botvinnik 100th Open"]
[Site "St Petersburg RUS"]
[Date "2011.08.18"]
[Round "7"]
[White "Solovyov, Viktor"]
[Black "Chuprova, Irina"]
[Result "1-0"]
[WhiteElo "2264"]
[BlackElo "1866"]
[WhiteFideId "4102754"]
[BlackFideId "24138584"]
[EventDate "2011.08.12"]

1. d4 Nf6 2. c4 e6 3. g3 d5 4. Nf3 dxc4 5. Bg2 Nbd7 6. Nbd2 c6 7. Nxc4 Be7 8.
O-O O-O 9. Qc2 Re8 10. Rd1 c5 11. a3 a6 12. dxc5 Bxc5 13. b4 Bf8 14. Bf4 Nd5 15.
Bd2 f5 16. Rac1 N7f6 17. Qb3 Bd7 18. Na5 b6 19. Nc6 Bxc6 20. Rxc6 Rc8 21. Rxc8
Qxc8 22. Nd4 g6 23. Rc1 Qd7 24. Qc4 Bg7 25. Nb3 Qa4 26. Nd4 Qd7 27. Be1 e5 28.
Nb3 Qb5 29. Qc2 Kh8 30. Bf1 Qa4 31. Nd2 Qxc2 32. Rxc2 a5 33. b5 Bf8 34. Nb1 Nd7
35. e3 Nc5 36. Bc4 Nc7 37. Bc3 Ne4 38. Bb2 Bc5 39. a4 Kg7 40. Kg2 Kf8 41. Nd2
Nd6 42. Ba2 e4 43. Nb3 Ne6 44. Nxa5 Ra8 45. Bxe6 Rxa5 46. Bb3 Ra8 47. Be5 Ke7
48. h3 h6 49. Rd2 Rc8 50. Rc2 Ra8 51. Rc1 Ra7 52. g4 Ne8 53. gxf5 gxf5 54. Bf4
h5 55. Rd1 Nf6 56. Bg5 1-0

[Event "Botvinnik 100th Open"]
[Site "St Petersburg RUS"]
[Date "2011.08.18"]
[Round "7"]
[White "Tugarin, Anton"]
[Black "Kurilov, Viktor"]
[Result "1/2-1/2"]
[WhiteElo "1976"]
[BlackElo "2312"]
[WhiteFideId "24151246"]
[BlackFideId "4157303"]
[EventDate "2011.08.12"]

1. d4 Nf6 2. Nf3 d5 3. c4 e6 4. g3 dxc4 5. Bg2 Bd7 6. Ne5 Bc6 7. Nxc6 Nxc6 8.
Qa4 Bb4+ 9. Bd2 Bxd2+ 10. Nxd2 O-O 11. Bxc6 bxc6 12. Qxc4 Qd5 13. Qxd5 cxd5 14.
Rc1 Rfb8 15. Rc2 Rb4 16. e3 Rab8 17. b3 Ne8 18. Ke2 a5 19. a3 R4b6 20. Rc5 Ra8
21. a4 Kf8 22. Rhc1 Ke7 23. f3 Kd7 24. e4 c6 25. e5 Nc7 26. Ke3 Raa6 27. f4 h5
28. R1c3 Rb8 29. Nf3 Rab6 30. Nd2 Ra6 31. Nf3 Rab6 32. Nd2 Ra6 33. Nf3 Rab6 34.
Nd2 Ra6 1/2-1/2

[Event "Botvinnik 100th Open"]
[Site "St Petersburg RUS"]
[Date "2011.08.18"]
[Round "7"]
[White "Monin, Nikolay"]
[Black "Menkov, Aleksandr"]
[Result "1/2-1/2"]
[WhiteTitle "IM"]
[WhiteElo "2403"]
[BlackElo "2143"]
[WhiteFideId "4104013"]
[BlackFideId "24160326"]
[EventDate "2011.08.12"]

1. d4 Nf6 2. c4 g6 3. Nc3 Bg7 4. e4 d6 5. f4 c5 6. d5 O-O 7. Nf3 e6 8. Be2 exd5
9. cxd5 b5 10. e5 dxe5 11. fxe5 Ng4 12. Bg5 Qb6 13. O-O Nxe5 14. d6 c4+ 15. Kh1
Nd3 16. Bxd3 cxd3 17. Be7 Bf5 18. Nd5 Qb7 19. Bxf8 Qxd5 20. Bxg7 Kxg7 21. Qd2
Qxd6 22. Qc3+ f6 23. Nd4 Be4 24. Nxb5 Qc6 25. Nc7 Bxg2+ 26. Kg1 Bxf1 27. Rxf1
Qb6+ 28. Kg2 Nd7 29. Nxa8 Qb7+ 30. Kg3 Qxa8 31. Qxd3 Qb8+ 32. Kh3 Ne5 33. Qd4
Qc8+ 34. Kg3 Qa6 35. Qf4 h5 36. h3 Qb6 37. Qf2 Qa6 38. Kh2 Nd3 39. Qe2 Qd6+ 40.
Kh1 Ne5 41. Qf2 Qa6 42. b4 Nd3 43. Qe2 Qd6 44. b5 h4 45. Qe3 Qd7 46. Qf3 Qd4 47.
a4 g5 1/2-1/2

[Event "Botvinnik 100th Open"]
[Site "St Petersburg RUS"]
[Date "2011.08.18"]
[Round "7"]
[White "Krivonos, Nikolay"]
[Black "Vager, Boris"]
[Result "1-0"]
[BlackTitle "FM"]
[WhiteElo "2296"]
[BlackElo "2127"]
[WhiteFideId "4154568"]
[BlackFideId "4118537"]
[EventDate "2011.08.12"]

1. c4 e5 2. Nc3 Nc6 3. g3 f5 4. Bg2 Nf6 5. d3 Be7 6. Nf3 d6 7. O-O O-O 8. Ne1
Qe8 9. Nc2 Qh5 10. e3 Qxd1 11. Rxd1 a6 12. b3 Re8 13. Bb2 Bd7 14. b4 Nd8 15. a4
c6 16. a5 Be6 17. Na4 Nd7 18. Rac1 g6 19. Bc3 Rc8 20. Na3 d5 21. Bf1 Nf7 22. d4
e4 23. Nc5 Bxc5 24. dxc5 Nde5 25. cxd5 Bxd5 26. Be2 Rcd8 27. Kg2 Bb3 28. Rd4
Rxd4 29. Bxd4 Rd8 30. h3 Kf8 31. Rb1 Be6 32. Rb2 Ke7 33. Rc2 Bb3 34. Rc3 Be6 35.
Nb1 Rd7 36. Nd2 Rd8 37. Nf1 h5 38. Nh2 Rd7 39. h4 Rd8 40. Kf1 Rd7 41. Ke1 Rd8
42. Nf1 Rd7 43. Nd2 Rd8 44. Kd1 Bd5 45. Nb1 Rd7 46. Na3 Rd8 47. Nc2 Be6 48. Ne1
Bd5 49. Ng2 Rd7 50. Nf4 Rd8 51. Kc1 Rd7 52. Kb2 Rd8 53. Rc1 Rd7 54. Kc3 Rd8 55.
Rd1 Be6 56. Bxe5 1-0